| 000 | 00516cam a2200145u 4500 | ||
|---|---|---|---|
| 082 |
_a388.1 _bWEI |
||
| 100 | 1 |
_aWeille, Jan de, _938556 |
|
| 245 | 1 | 0 | _aQuantification of road user savings. |
| 260 |
_a[Washington, _bInternational Bank for Reconstruction and Development]; distributed by Johns Hopkins Press _c[1966] |
||
| 300 |
_axiv, 93 p. _billus. _c23 cm. |
||
| 526 |
_a0 _b0 _c0 _d388_100000000000000_WEI |
||
| 650 | 0 |
_aMCE _9379 |
|
| 650 | 0 |
_aTransportation, Automotive _xCost of operation. _938557 |
|
| 942 |
_2ddc _cBK |
||
| 999 |
_c543174 _d543174 |
||